• De Vita Francesca

di Personal Name

Records bibliografici associati: 1

001 - CONTROL NUMBER

  • control field: 51707

003 - CONTROL NUMBER IDENTIFIER

  • control field: IT-RoPau

005 - DATE AND TIME OF LATEST TRANSACTION

  • control field: 20151202175242.0

008 - FIXED-LENGTH DATA ELEMENTS

  • fixed length control field: 151202|| aca||aabn | a|a d

040 ## - CATALOGING SOURCE

  • Original cataloging agency: IT-RoPau
  • Transcribing agency: IT-RoPau

100 ## - HEADING--PERSONAL NAME

  • Personal name: De Vita Francesca
  • Miscellaneous information: Codice regista SPICS: 25390

670 ## - SOURCE DATA FOUND

  • Source citation: Work cat.: (IT-RoPau)107336: De Vita Francesca Codice regista SPICS: 25390, SCENOGRAFIA NELLO SPETTACOLO CINEMATOGRAFICO (LA)-2 SCENOGRAFIA NELLO SPETTACOLO CINEMATOGRAFICO (LA)-2 (Rif. Codice opera principale : 71905)
CREDITS: SOCIETA' SAN PAOLO Via A.Severo, 58 - ROMA (RM) & PERIODICI SAN PAOLO SRL Via Giotto, 36 MILANO & CISF Via Giotto, 36 MILANO & EDIZIONI SAN PAOLO SRL,  Piazza Soncino, 5 CINISELLO BALSAMO (MI) -- ITALY